000 00599nam a2200229Ia 4500
003 OSt
005 20220928102825.0
006 a|||||r|||| 00| 0
007 ta
008 220927b |||||||| |||| 00| 0 eng d
024 _a60626
037 _cTextual
040 _aSDCL
_cSDCL
_beng
041 _2eng
_aeng
082 _aP15:3, P2
100 _aMishrha Ramkishor
_9400578
245 0 _aChhaandsgranth parampra.
260 _aUttar
_bPradesh Ramkishor Mishrha
_c2002
300 _a182p.
_ccm.
942 _hP15:3, P2
_cTEXL
_2CC
999 _c716484
_d716484